| 000 | 01151cad a22002055a 4500 | ||
|---|---|---|---|
| 001 | L157861 | ||
| 008 | 130614s2013 xxk f 000 0 eng d | ||
| 035 | _a(Sirsi) u157861 | ||
| 041 | 0 | _aeng | |
| 110 | 2 |
_aSavills _92020 |
|
| 245 | 0 | 0 |
_aSpotlight _bBrazil residential property market June 2013 _h[electronic resource] |
| 260 |
_aLondon _bSavills _c2013 |
||
| 520 | _aA series of articles looking at the thriving residential property market in Brazil. House price growth has increased by 23% per annum in Rio de Janeiro and by 17% in San Paulo since 2008. Brazilian investors are key players in the international real estate markets. In the run up to the World Cup and Olympic Games Rio's infrastructure is being overhauled. Looks at popular locations within Sao Paul leading to steep increases in property prices in these areas. Concludes with a review of opportunities in Brazil for overseas investors. | ||
| 590 | _aKA | ||
| 651 | 4 | _aBrazil | |
| 690 |
_aInvestments _96250 |
||
| 690 |
_aResidential property _96266 |
||
| 856 | 4 | 0 |
_uhttps://www.savills.co.uk/research_articles/141285/168405-0 _zView the report at www.savills.co.uk |
| 942 | _n0 | ||
| 999 |
_c115003 _d115003 |
||